000
00225 a2200097 4500
001
42981
100
_a
Churchill
245
_a
2nd world war grand alliance
260
_a
Cambridge
_b
Haughton miffien
_c
090
_c
26858
_d
26858
942
_a
NUST-CAE
_c
M
_c
18733
999
_c
278054
_d
278054